LIBRARY ONLINE CATALOGUE

Study guide and student solutions manual for organic chemistry / (Record no. 20733)

MARC details
000 -LEADER
fixed length control field 00519nam a22001937a 4500
003 - CONTROL NUMBER IDENTIFIER
control field OSt
005 - DATE AND TIME OF LATEST TRANSACTION
control field 20250616095532.0
008 - FIXED-LENGTH DATA ELEMENTS--GENERAL INFORMATION
fixed length control field 250616b |||||||| |||| 00| 0 eng d
020 ## - INTERNATIONAL STANDARD BOOK NUMBER
International Standard Book Number 9781305082144
040 ## - CATALOGING SOURCE
Original cataloging agency KABU
Transcribing agency KABU
050 ## - LIBRARY OF CONGRESS CALL NUMBER
Classification number QD251.2
Item number .M43 2016
100 ## - MAIN ENTRY--PERSONAL NAME
Personal name McMurry, John
245 ## - TITLE STATEMENT
Title Study guide and student solutions manual for organic chemistry /
Statement of responsibility, etc. John McMurry
250 ## - EDITION STATEMENT
Edition statement 9th ed.
260 ## - PUBLICATION, DISTRIBUTION, ETC. (IMPRINT)
Place of publication, distribution, etc. Boston:
Name of publisher, distributor, etc. Cengage,
Date of publication, distribution, etc. 2016
300 ## - PHYSICAL DESCRIPTION
Extent vi, 1116p.
650 ## - SUBJECT ADDED ENTRY--TOPICAL TERM
Topical term or geographic name as entry element Organic chemistry
942 ## - ADDED ENTRY ELEMENTS (KOHA)
Source of classification or shelving scheme Library of Congress Classification
Koha item type General Collection
Holdings
Withdrawn status Lost status Source of classification or shelving scheme Not for loan Home library Current library Shelving location Date acquired Cost, normal purchase price Inventory number Total Checkouts Total Renewals Full call number Barcode Date last seen Date last checked out Copy number Price effective from Koha item type
    Library of Congress Classification   Kabarak, Main Campus Kabarak, Main Campus General Stacks 16/06/2025 10344.00 2025/2110 1 1 QD251.2 .M43 2016 C.1 33151 21/01/2026 15/01/2026 C.1 16/06/2025 General Collection
    Library of Congress Classification   Kabarak, Main Campus Kabarak, Main Campus General Stacks 16/06/2025 10344.00 2025/2111     QD251.2 .M43 2016 C.2 33150 16/06/2025   C.2 16/06/2025 General Collection
    Library of Congress Classification   Kabarak, Main Campus Kabarak, Main Campus General Stacks 16/06/2025 10344.00 2025/2109 1   QD251.2 .M43 2016 C.3 33149 25/09/2025 11/09/2025 C.3 16/06/2025 General Collection